[Event "ITA-chT"]
[Site "Italy"]
[Date "1994.??.??"]
[Round "?"]
[White "Salvetti, Alec"]
[Black "Passoni, Carlo"]
[Result "0-1"]
[WhiteElo "2280"]
[BlackElo "2230"]

1.d4 Nf6 2.Nf3 g6 3.c4 Bg7 4.Nc3 d6 5.e4 O-O 6.Be2 Na6 7.O-O e5 8.Bg5 h6
9.Bh4 g5 10.Bg3 Nh5 11.d5 Nf4 12.Nd2 Nc5 13.b4 Ncd3 14.Bxd3 Nxd3 15.Qb1 Nf4
16.f3 h5 17.Bf2 a5 18.a3 axb4 19.axb4 Rxa1 20.Qxa1 g4 21.c5 Qg5 22.fxg4 Bxg4
23.h4 Qg6 24.g3 Bh6 25.Nc4 Bf3 26.Ne3 Ne2+ 27.Nxe2 Bxe3 28.Bxe3 Bxe2 29.Rf2 Bg4
30.Qf1 Qxe4 31.Bh6 Ra8 32.Rxf7 Qd4+ 33.Qf2 Ra1+ 34.Kh2 Rh1+ 35.Kxh1 Qxd5+
36.Kg1 Qxf7 37.Qd2 Qg6 38.Bg5 Qb1+ 39.Kh2 Bf3 40.Qc1 Qxc1 41.Bxc1 d5 42.Kg1 Kf7
43.Kf2 Bg4 44.Bg5 Ke6  0-1

[Event "ITA-chT"]
[Site "Italy"]
[Date "1994.??.??"]
[Round "?"]
[White "Palmiotto, Fiorentino"]
[Black "Emanuelli, Renato"]
[Result "1-0"]
[WhiteElo "2210"]
[BlackElo "2245"]

1.d4 Nf6 2.c4 g6 3.Nc3 Bg7 4.e4 d6 5.Nf3 O-O 6.Be2 e5 7.Be3 Nc6 8.d5 Ne7
9.Qd2 Ng4 10.Bg5 f6 11.Bh4 Bh6 12.Qc2 f5 13.h3 Nf6 14.exf5 Nxf5 15.Bxf6 Qxf6
16.Ne4 Qe7 17.O-O Nh4 18.Nh2 Bf5 19.Bd3 Bxe4 20.Bxe4 Qg5 21.Rad1 Rf7 22.Rd3 Raf8
23.Ra3 a6 24.Ng4 Bg7 25.Qe2 Nf5 26.Qd1 Qh4 27.Qe1 Nd4 28.Nh2 Bh6 29.Rg3 Bf4
30.Nf3 Qf6 31.Rg4 Nxf3+ 32.gxf3 Rg7 33.Qb1 h5 34.Rxg6 Qh4 35.Kg2 Rxg6+ 36.Bxg6 Rf6
37.Rg1  1-0

[Event "ITA-chT"]
[Site "Italy"]
[Date "1994.??.??"]
[Round "2"]
[White "Iotti, Pierluigi"]
[Black "Martorelli, Antonio"]
[Result "0-1"]
[WhiteElo "2255"]
[BlackElo "2245"]

1.d4 Nf6 2.c4 g6 3.Nc3 Bg7 4.e4 d6 5.Be2 O-O 6.Nf3 Na6 7.O-O e5 8.dxe5 dxe5
9.Qxd8 Rxd8 10.Be3 Ng4 11.Bg5 f6 12.Bd2 c6 13.Rfd1 Be6 14.Ne1 Bf8 15.h3 Nh6
16.Be3 Nf7 17.f3 h5 18.Na4 Be7 19.b3 Rxd1 20.Rxd1 Nd8 21.c5 Nb4 22.Rd2 Kf8
23.g4 Bf7 24.Bd1 Ne6 25.a3 Na6 26.b4 Nac7 27.Be2 Ke8 28.Kf1 hxg4 29.hxg4 Nf4
30.Bxf4 exf4 31.Nd3 Rd8 32.Nc3 a5 33.Ke1 axb4 34.axb4 Rd4 35.Rb2 g5 36.Kf2 Na6
37.Ke1 Kd8 38.Nd1 Bc4 39.N1f2 Kc7 40.Kd2 Bb5 41.Kc3 Rc4+ 42.Kb3 b6 43.Nd1 bxc5
44.bxc5 Bxc5 45.Ra2 Bd4 46.Rc2 Rxc2 47.Kxc2 Nb4+ 48.Kd2 Nxd3 49.Bxd3 Bxd3
50.Kxd3 c5  0-1

[Event "JUG-chT2"]
[Site "?"]
[Date "1994.??.??"]
[Round "10"]
[White "Maksimovic, Branimir"]
[Black "Jacimovic, Dragoljub"]
[Result "1-0"]
[WhiteElo "2370"]
[BlackElo "2395"]

1.d4 Nf6 2.c4 g6 3.Nc3 Bg7 4.e4 d6 5.Be2 O-O 6.Nf3 e5 7.O-O exd4 8.Nxd4 Re8
9.f3 c6 10.Kh1 Na6 11.Bg5 Re5 12.Qd2 Nc5 13.Rad1 Qb6 14.Bf4 Nh5 15.Be3 a5
16.Nb3 Nxb3 17.Bxb6 Nxd2 18.Rxd2 Nf4 19.Bd4 Be6 20.Bxe5 Bxe5 21.Rc1 a4 22.Bf1 g5
23.g3 Ng6 24.Nd1 h5 25.Nf2 Kg7 26.Bh3 g4 27.Bg2 gxf3 28.Bxf3 h4 29.Kg2 hxg3
30.hxg3 Kf6 31.Bg4 Rg8 32.Bxe6 Kxe6 33.Kf3 Bf6 34.Nd3 Ne5+ 35.Nxe5 Bxe5 36.Rg2 b6
37.Rh1 Rg6 38.b3 axb3 39.axb3 Rg8 40.Rhh2 Rb8 41.Rh6+ Ke7 42.Ra2 Kf8 43.Ra7 Kg7
44.Re6 b5 45.c5 Bd4 46.Ree7 dxc5 47.Rxf7+ Kg6 48.Rfc7 Kg5 49.Rxc6 Rf8+ 50.Kg2 Rf2+
51.Kh3 Rf3 52.Raa6  1-0

[Event "JUG-chT"]
[Site "JUG"]
[Date "1994.??.??"]
[Round "5"]
[White "Lajthajm, Borko"]
[Black "Solak, Dragan"]
[Result "1/2-1/2"]
[WhiteElo "2310"]
[BlackElo "2180"]

1.d4 Nf6 2.c4 g6 3.Nc3 Bg7 4.e4 d6 5.Nf3 O-O 6.Be2 e5 7.dxe5 dxe5 8.Qxd8 Rxd8
9.Bg5 Re8 10.O-O-O Bd7 11.Nd2 Na6 12.Nb3 Be6 13.f3 c6 14.Na4 Nd7 15.Be3 Bf8
16.h4 b6 17.h5 Nac5 18.Naxc5 Nxc5 19.Nxc5 Bxc5 20.Bxc5 bxc5 21.Rd6 Rac8 22.hxg6 hxg6
23.Kc2 Kf8  1/2-1/2

[Event "JUG-chT"]
[Site "JUG"]
[Date "1994.??.??"]
[Round "6"]
[White "Tomasevic, Tanja"]
[Black "Todorovic, Violeta"]
[Result "0-1"]
[WhiteElo "2200"]
[BlackElo "2075"]

1.d4 Nf6 2.c4 g6 3.Nc3 Bg7 4.e4 d6 5.Nf3 O-O 6.Be2 e5 7.dxe5 dxe5 8.Qxd8 Rxd8
9.Nd5 Rd7 10.Nxf6+ Bxf6 11.c5 Nc6 12.Bb5 Rd8 13.Bxc6 bxc6 14.Bd2 Bg4 15.Bc3 Bxf3
16.gxf3 Be7 17.Bxe5 Bxc5 18.Ke2 Bd6 19.Bxd6 cxd6 20.Rac1 Rac8 21.h4 d5 22.Rc5 Re8
23.Ke3 f5 24.h5 dxe4 25.hxg6 hxg6 26.Rhc1 exf3+ 27.Kxf3 Re6 28.b4 Kf7 29.b5 Ke7
30.bxc6 Kd6 31.c7 Kd7 32.Ra5 a6 33.Rac5 Rd6 34.Rh1 Rc6 35.Rd1+ Kxc7 36.Ra5 Kb6
37.Re5 Rc3+ 38.Kf4 R8c4+ 39.Kg5 Rg4+ 40.Kf6 Rc6+ 41.Ke7 Rh4 42.Rb1+ Kc7 43.Rd1 Rh7+
44.Ke8 Kb6 45.Rb1+ Ka7 46.Re7+ Rxe7+ 47.Kxe7 Rc2 48.Kf6 Rxa2 49.Rf1 f4 50.Kxg6 f3
51.Kf5 a5 52.Kf4 Ra3 53.Rh1 a4  0-1

[Event "Heart of Finland op 4th"]
[Site "Jyvaskyla"]
[Date "1994.??.??"]
[Round "?"]
[White "Shneider, Aleksandr"]
[Black "Sammalvuo, Tapani"]
[Result "1/2-1/2"]
[WhiteElo "2535"]
[BlackElo "2370"]

1.d4 Nf6 2.c4 g6 3.Nc3 Bg7 4.Nf3 d6 5.e4 O-O 6.Be2 e5 7.O-O exd4 8.Nxd4 Re8
9.f3 Nh5 10.g4 Nf6 11.Kh1 Nc6 12.Be3 Nd7 13.Qd2 Nce5 14.Rad1 f6 15.Nb3 Nb6
16.Na5 Qe7 17.b4 Be6 18.Nd5 Qf7 19.Rc1 Nbxc4 20.Nxc4 Nxc4 21.Bxc4 c6 22.Bb3 cxd5
23.exd5 Bd7 24.Bf4 Bf8 25.Rfe1 Rxe1+ 26.Qxe1 h5 27.gxh5 g5 28.Bg3 Bh3 29.h6 Qh5
30.Qe4 Re8 31.h7+ Kh8 32.Qd3 Qxh7 33.Qxh7+ Kxh7 34.Kg1 Rc8 35.Rxc8 Bxc8 36.Bf2 a6
37.Bc2+ Kg7 38.Bd4 Kf7 39.Kf2 Bd7 40.f4 Be7 41.fxg5 fxg5 42.Be3 Kf6 43.Bd4+ Kf7  1/2-1/2

[Event "Heart of Finland op 4th"]
[Site "Jyvaskyla"]
[Date "1994.??.??"]
[Round "?"]
[White "Yrjola, Jouni"]
[Black "Salo, Heikki"]
[Result "1-0"]
[WhiteElo "2440"]
[BlackElo "2225"]

1.d4 Nf6 2.c4 g6 3.Nc3 Bg7 4.e4 d6 5.Be2 O-O 6.Nf3 e5 7.Be3 exd4 8.Nxd4 Re8
9.f3 c6 10.Bf2 Nh5 11.Qd2 f5 12.exf5 gxf5 13.O-O-O Be5 14.g3 f4 15.Ne4 Qe7
16.Rhe1 Na6 17.Bf1 Rd8 18.Kb1 Bd7 19.gxf4 Nxf4 20.Bg3 Qf8 21.Bh4 Re8 22.Ne2 Ng6
23.Bg3 d5 24.cxd5 cxd5 25.N2c3 Be6 26.Bxe5 Nxe5 27.Qg5+ Ng6 28.Nf6+ Kh8 29.Bxa6 bxa6
30.Nxe8 Rxe8 31.Ka1 Qf7 32.a3 Rc8 33.h4 a5 34.h5 Nf8 35.Rg1 h6 36.Qxh6+ Nh7
37.Qg6 Rd8 38.Qxf7 Bxf7 39.h6 Nf6 40.Ne4 Nh5 41.Ng5 Bg8 42.Rh1 Nf6 43.h7 Nxh7
44.Rxh7+ Bxh7 45.Nf7+  1-0

[Event "Jyvaskyla op"]
[Site "Jyvaskyla"]
[Date "1994.??.??"]
[Round "4"]
[White "Paasikangas, Johanna"]
[Black "Vetemaa, Juri"]
[Result "1-0"]
[WhiteElo "2155"]
[BlackElo "2380"]

1.d4 Nf6 2.c4 g6 3.Nc3 Bg7 4.e4 d6 5.Nf3 O-O 6.Be2 Nbd7 7.O-O e5 8.dxe5 dxe5
9.Bg5 c6 10.b4 h6 11.Bh4 g5 12.Bg3 Nh5 13.Qb3 Nf4 14.Rad1 Qe7 15.Rfe1 Re8
16.Bf1 Nf8 17.c5 Bg4 18.Ne2 N8e6 19.Rd6 Qf6 20.Bxf4 gxf4 21.Kh1 Bf8 22.Rd2 Bxf3
23.gxf3 Qh4 24.Nc1 Nd4 25.Qd1 a5 26.Bc4 axb4 27.Rg1+ Bg7 28.Nd3 Kf8 29.Nxb4 Red8
30.Nc2 Qe7 31.Nxd4 exd4 32.Qb3 Rd7 33.Qb4 b5 34.Bb3 Qe5 35.Rd3 Rda7 36.Rdd1 Bf6
37.Rg4 h5 38.Rg2 Ke7 39.Rd3 Kf8 40.Qd2 Rd8 41.Qc1 Ke7 42.a3 Raa8 43.Rg1 Rg8
44.Rdd1 Rg6 45.Rxg6 fxg6 46.Ba2 g5 47.Qb2 Kf8 48.Qb3 Kg7 49.Qf7+ Kh6 50.Be6 Bg7
51.Bf5 Qf6 52.Qb3 Qe7 53.Rg1 h4 54.a4 bxa4 55.Qb6 Qe8 56.Qc7 Rd8 57.Rxg5 Bf6
58.Rg1 Qe7 59.Rg6+ Kh5 60.Qxf4 Bg5 61.Qg4+  1-0

[Event "Karditsa"]
[Site "Karditsa"]
[Date "1994.??.??"]
[Round "5"]
[White "Kalesis, Nikolaos"]
[Black "Pavlovic, Milos"]
[Result "0-1"]
[WhiteElo "2415"]
[BlackElo "2480"]

1.d4 Nf6 2.c4 g6 3.Nc3 Bg7 4.e4 d6 5.Nf3 O-O 6.Be2 e5 7.Be3 Ng4 8.Bg5 f6
9.Bh4 Nd7 10.O-O Nh6 11.dxe5 dxe5 12.b4 c6 13.c5 a5 14.a3 Kh8 15.Qc2 axb4
16.axb4 Rxa1 17.Rxa1 g5 18.Bg3 f5 19.exf5 e4 20.Nd2 e3 21.fxe3 Nxf5 22.Bf2 Qe7
23.Nde4 Nf6 24.Rd1 g4 25.Qd3 Be6 26.Nd6 Nd7 27.Nxf5 Bxf5 28.e4 Be6 29.Bg3 Ra8
30.e5 Nxe5 31.Qe3 Bf5 32.Rf1 Qe6 33.Kh1 Ng6 34.Qxe6 Bxe6 35.Ne4 Ra2 36.Bd3 Bd5
37.Nf2 Bd4 38.Be4 Bc4 39.Bd3 Bd5 40.Be4 Bc4 41.Bd3 Bxd3 42.Nxd3 Rd2 43.Nc1 Rb2
44.Nd3 Rb3 45.Rd1 h5 46.h3 h4 47.Nf4 Nxf4 48.Bxf4 g3 49.Bg5 Rxb4 50.Bxh4 Bf2
51.Be7 Kg7 52.Bd6 Kf6 53.Bc7 Rc4 54.Rf1 Ke6 55.Bd6 b5  0-1

[Event "Karditsa"]
[Site "Karditsa"]
[Date "1994.??.??"]
[Round "8"]
[White "Mozetic, Dejan"]
[Black "Georgiev, Krum"]
[Result "1-0"]
[WhiteElo "2585"]
[BlackElo "2470"]

1.d4 Nf6 2.c4 g6 3.Nc3 Bg7 4.e4 d6 5.Nf3 O-O 6.Be2 e5 7.Be3 Ng4 8.Bg5 f6
9.Bh4 Nc6 10.d5 Ne7 11.Nd2 Nh6 12.f3 f5 13.O-O Nf7 14.Bf2 c5 15.dxc6 bxc6
16.b4 Ng5 17.Nb3 Ne6 18.Qd2 Nf4 19.Rfd1 Be6 20.Bf1 d5 21.g3 d4 22.Nxd4 exd4
23.Qxf4 c5 24.bxc5 Nc6 25.Nb5 Be5 26.Qd2 fxe4 27.f4 d3 28.fxe5 Nxe5 29.Bg2 Nxc4
30.Qe1 Rxf2 31.Qxf2 e3 32.Qf3 Rb8 33.Nd6 Nxd6 34.Rxd3 Qa5 35.cxd6  1-0

[Event "Karditsa"]
[Site "Karditsa"]
[Date "1994.??.??"]
[Round "9"]
[White "Kalesis, Nikolaos"]
[Black "Mastrokoukos, Georgios"]
[Result "0-1"]
[WhiteElo "2415"]
[BlackElo "2385"]

1.d4 Nf6 2.Nf3 g6 3.c4 Bg7 4.Nc3 O-O 5.e4 d6 6.Be2 e5 7.Be3 exd4 8.Nxd4 Re8
9.f3 Nc6 10.O-O Nh5 11.Qd2 f5 12.Nxc6 bxc6 13.Bg5 Qd7 14.Kh1 fxe4 15.Nxe4 Rb8
16.Rab1 d5 17.Nc5 Qd6 18.b4 h6 19.Bh4 Qf4 20.Qxf4 Nxf4 21.Bd1 Bf5 22.Rb3 dxc4
23.Ra3 Rxb4 24.g4 Bb1 25.Bg3 g5 26.Ba4 Bb2 27.Bxc6 Bxa3 28.Bxe8 c3 29.Be1 Rb8  0-1

[Event "Kecskemet"]
[Site "Kecskemet"]
[Date "1994.??.??"]
[Round "?"]
[White "Polak, Tomas"]
[Black "Videki, Sandor"]
[Result "1-0"]
[WhiteElo "2415"]
[BlackElo "2435"]

1.d4 Nf6 2.c4 g6 3.Nc3 Bg7 4.e4 d6 5.Be2 O-O 6.Nf3 e5 7.d5 a5 8.Bg5 Na6 9.Nd2 Nc5
10.O-O h6 11.Bh4 Bd7 12.b3 Qe8 13.a3 Nh7 14.f3 h5 15.b4 axb4 16.axb4 Na4
17.Qc2 Bh6 18.Nb5 Bxb5 19.cxb5 Bxd2 20.Qxd2 Nb6 21.Rxa8 Nxa8 22.Rc1 Qd7 23.Qh6 Rc8
24.Rc2 Qe8 25.Bd3 Rb8 26.h3 Qf8 27.Qe3 Qe8 28.Qa7 Nf8 29.b6 c6 30.dxc6 bxc6
31.b7 Nc7 32.Rxc6 Nfe6 33.Rxd6 g5 34.Bf2 Kg7 35.b5 h4  1-0

[Event "Kecskemet"]
[Site "Kecskemet"]
[Date "1994.??.??"]
[Round "?"]
[White "Mann, Gerald"]
[Black "Videki, Sandor"]
[Result "0-1"]
[WhiteElo "2315"]
[BlackElo "2435"]

1.d4 Nf6 2.c4 g6 3.Nc3 Bg7 4.e4 d6 5.Be2 O-O 6.Nf3 e5 7.O-O exd4 8.Nxd4 Re8
9.f3 Nh5 10.g4 Nf6 11.Bg5 h6 12.Be3 h5 13.g5 Nh7 14.f4 Bh3 15.Rf3 Bg4 16.Rg3 Bxe2
17.Qxe2 c5 18.Nb3 Bxc3 19.bxc3 Rxe4 20.Nd2 Re8 21.Qf3 Nc6 22.Rf1 Ne7 23.Bf2 Nf5
24.Rg2 Qd7 25.Rb1 Re7 26.Qd3 Rae8 27.Nf3 Nf8 28.Nh4 Nxh4 29.Bxh4 Ne6 30.Rf1 Ng7  0-1

[Event "JUG-ch sf"]
[Site "Kladovo"]
[Date "1994.??.??"]
[Round "?"]
[White "Simic, Radoslav"]
[Black "Brenjo, Slavisa"]
[Result "1-0"]
[WhiteElo "2495"]
[BlackElo "2400"]

1.Nf3 Nf6 2.c4 g6 3.Nc3 Bg7 4.e4 d6 5.d4 O-O 6.Be2 e5 7.d5 a5 8.Bg5 h6 9.Bh4 Na6
10.Nd2 Qe8 11.O-O Bd7 12.b3 h5 13.a3 Nh7 14.f3 Bh6 15.Qc2 Be3+ 16.Bf2 Bxf2+
17.Rxf2 Qe7 18.Kh1 f5 19.exf5 Bxf5 20.Bd3 Nc5 21.Bxf5 gxf5 22.Re1 Qh4 23.Rff1 Rf7
24.b4 Na6 25.bxa5 Nc5 26.Na4 Nd7 27.Rb1 Rxa5 28.Rxb7 Ndf8 29.Nc3 Rxa3 30.Qb2 Ra8
31.Nb5 Qd8 32.c5 Ra6 33.Nxd6 cxd6 34.Rxf7 Kxf7 35.Qb7+ Nd7 36.Qxa6 Nxc5 37.Qc6  1-0

[Event "JUG-ch sf"]
[Site "Kladovo"]
[Date "1994.??.??"]
[Round "?"]
[White "Milanovic, Danilo"]
[Black "Ristic, Nebojsa"]
[Result "1/2-1/2"]
[WhiteElo "2300"]
[BlackElo "2395"]

1.d4 Nf6 2.c4 g6 3.Nc3 Bg7 4.e4 d6 5.Be2 O-O 6.Nf3 e5 7.O-O exd4 8.Nxd4 Re8
9.f3 Nh5 10.g4 Nf6 11.Bf4 Nc6 12.Nc2 h6 13.Qd2 g5 14.Be3 Ne5 15.Nd4 Ng6 16.Nf5 Bxf5
17.gxf5 Nf4  1/2-1/2

[Event "JUG-ch sf"]
[Site "Kladovo"]
[Date "1994.??.??"]
[Round "?"]
[White "Barlov, Dragan"]
[Black "Damljanovic, Branko"]
[Result "1/2-1/2"]
[WhiteElo "2500"]
[BlackElo "2560"]

1.d4 Nf6 2.c4 g6 3.Nc3 Bg7 4.e4 d6 5.Nf3 O-O 6.Be2 c6 7.O-O e5 8.Qc2 Qe7
9.Rd1 Nbd7 10.dxe5 dxe5 11.a3 Ne8 12.b4 Nc7 13.Bb2 Re8 14.c5 Nf8 15.Nb1 Bg4
16.Nbd2 Nce6 17.h3 Bxf3 18.Nxf3 Nd4 19.Nxd4 exd4 20.Bxd4 Qxe4 21.Qxe4 Rxe4
22.Bxg7 Kxg7 23.Bf3 Re7 24.Rab1 Ne6 25.h4  1/2-1/2

[Event "JUG-ch sf"]
[Site "Kladovo"]
[Date "1994.??.??"]
[Round "?"]
[White "Damljanovic, Branko"]
[Black "Ilincic, Zlatko"]
[Result "0-1"]
[WhiteElo "2560"]
[BlackElo "2530"]

1.c4 Nf6 2.Nc3 g6 3.e4 d6 4.d4 Bg7 5.Be2 O-O 6.Nf3 e5 7.d5 Na6 8.Nd2 Bh6
9.h4 Kg7 10.h5 Ng8 11.Rb1 c5 12.a3 f5 13.b4 b6 14.Qa4 Nf6 15.hxg6 hxg6 16.exf5 gxf5
17.Bb2 Qe8 18.Qxe8 Nxe8 19.Ba1 Bd7 20.Nb5 Rf6 21.Nf3 Kh7 22.Rb3 cxb4 23.axb4 Bxb5
24.cxb5 Nac7 25.Bc4 a6 26.bxa6 b5 27.Be2 Rxa6 28.O-O Ra2 29.Re1 Rf8 30.Nh4 Bd2
31.Rd1 Bxb4 32.Rb2 Rxb2 33.Bxb2 Bc5 34.Nxf5 Ng7 35.g4 Nxf5 36.Bd3 Kg7 37.Bxf5 Ra8
38.Bc1 b4 39.Be3 Bxe3 40.fxe3 b3 41.Rb1 Rb8 42.Be4 Rb4 43.Bf3 b2  0-1

[Event "JUG-ch sf"]
[Site "Kladovo"]
[Date "1994.??.??"]
[Round "?"]
[White "Carnic, Srdjan"]
[Black "Ristic, Nebojsa"]
[Result "1-0"]
[WhiteElo "2275"]
[BlackElo "2395"]

1.d4 Nf6 2.c4 g6 3.Nc3 Bg7 4.e4 O-O 5.Nf3 d6 6.Be2 e5 7.Be3 exd4 8.Nxd4 Re8
9.f3 c6 10.Qd2 d5 11.exd5 cxd5 12.O-O dxc4 13.Bxc4 Rxe3 14.Qxe3 Ng4 15.Bxf7+ Kh8
16.Ne6 Nxe3 17.Nxd8 Nxf1 18.Kxf1 Nc6 19.Nxc6 bxc6 20.Bc4 Be5 21.Re1 Bxh2
22.Re8+ Kg7 23.Kf2 Bd6 24.Ne4 Bf8 25.Rd8 Be7 26.Rg8+ Kh6 27.Re8 Bb4 28.a3 Ba5
29.g4 g5 30.Nd6  1-0

[Event "JUG-ch sf"]
[Site "Kladovo"]
[Date "1994.??.??"]
[Round "?"]
[White "Cvetkovic, Srdjan"]
[Black "Ilincic, Zlatko"]
[Result "1/2-1/2"]
[WhiteElo "2470"]
[BlackElo "2530"]

1.c4 Nf6 2.Nc3 g6 3.e4 d6 4.d4 Bg7 5.Nf3 O-O 6.Be2 e5 7.O-O Na6 8.Re1 c6
9.d5 Nc5 10.Bg5 cxd5 11.cxd5 h6 12.Bxf6 Qxf6 13.b4 Nd7 14.Nb5 a6 15.Nc7 Rb8
16.a4 Qd8 17.Qc2 h5 18.Nd2 Bh6 19.Nb3 Nf6 20.Bd3 Ne8 21.Nxe8 Rxe8 22.Na5 Bd7
23.Nc4 Rc8 24.Qe2 Qc7 25.a5 Bb5 26.Nb6 Bxd3 27.Qxd3 Qc3 28.Qe2 Rc7 29.b5 axb5
30.Qxb5 Ree7 31.Na4 Qc4 32.Qb2 Qc2 33.Qb5 Rc4 34.a6 bxa6 35.Qb8+ Bf8 36.Nb6 Rb4
37.h3 Rb2 38.Rf1 Qe2 39.Rac1 Rc2 40.Rxc2 Qxc2 41.Qxd6 Rb7 42.Qd8 Qxe4 43.Nd7 Qb4
44.Qc8 Ra7 45.Rd1 Kg7 46.Nxf8 Qxf8 47.Qc6 Qa8 48.Qa4 Qc8 49.d6 Rd7 50.Qa5 f6
51.Qb6 Qc2 52.Ra1 a5 53.Qxa5 Qd3 54.Qa8 Qxd6 55.Ra7 Qd1+ 56.Kh2 Qd4 57.Rxd7+ Qxd7
58.g3 Qd4 59.Kg2 h4 60.Qb7+ Kh6 61.g4 e4 62.Qb3 Qd3 63.Qb6 Qf3+ 64.Kh2 Qc3
65.Kg2 Kg5 66.Qa7 Kf4 67.Qb8+ Qe5 68.Qb7 Qe6 69.Qa8 f5 70.gxf5 gxf5 71.Qa7 Qg6+
72.Kf1 Kg5 73.Qc5 Qe6 74.Kg2 Qg6 75.Kf1 Qa6+ 76.Kg2 Qb7 77.Qe3+ f4 78.Qc5+ Kf6
79.Qd6+ Kf5 80.Qf8+ Kg5 81.Qd8+ Kf5 82.Qf8+ Ke5 83.Qh8+ Kd5 84.Qxh4 Qg7+
85.Qg4 Qxg4+ 86.hxg4 Kd4 87.g5 Ke5 88.g6 Kf6 89.Kh3 Kxg6 90.Kg4 e3 91.fxe3 fxe3  1/2-1/2

[Event "Kopavogur"]
[Site "Kopavogur"]
[Date "1994.??.??"]
[Round "?"]
[White "Halldorsson, Gudmundur"]
[Black "Kristensen, Bjarke"]
[Result "0-1"]
[WhiteElo "2260"]
[BlackElo "2465"]

1.d4 Nf6 2.Nf3 g6 3.c4 Bg7 4.Nc3 O-O 5.e4 d6 6.Be2 Nbd7 7.O-O e5 8.Qc2 h6
9.Rd1 Re8 10.dxe5 dxe5 11.c5 Nh7 12.Be3 Nhf8 13.b4 Ne6 14.Rac1 c6 15.Na4 Qe7
16.Nb2 Nf4 17.Nc4 Nxe2+ 18.Qxe2 Nf8 19.Qd2 Bg4 20.Qd6 Bxf3 21.Qxe7 Rxe7 22.gxf3 Ne6
23.Kg2 Rf8 24.Rd3 f5 25.Rcd1 Kh7 26.Rd7 Rff7 27.Rxe7 Rxe7 28.Rd6 Kg8 29.Bc1 Kf7
30.Bb2 Nd4 31.Rd8 Ke6 32.Rd6+ Kf7 33.Rd8 Ke6 34.Rb8 Bf6 35.Na5 Nc2 36.Nxb7 Ne1+
37.Kg3 h5 38.Nd6 h4+ 39.Kh3 Nd3 40.Bc3 Nf4+  0-1

[Event "Kopavogur"]
[Site "Kopavogur"]
[Date "1994.??.??"]
[Round "?"]
[White "Halldorsson, Bragi"]
[Black "Thorsson, Olafur"]
[Result "1-0"]
[WhiteElo "2225"]
[BlackElo "2180"]

1.d4 Nf6 2.c4 g6 3.Nc3 Bg7 4.e4 d6 5.Be2 O-O 6.Nf3 e5 7.O-O exd4 8.Nxd4 Re8
9.f3 Nc6 10.Nxc6 bxc6 11.Bg5 h6 12.Bh4 g5 13.Bf2 Nd7 14.Qc2 a5 15.Rad1 Qe7
16.Rfe1 Nc5 17.Bf1 Be5 18.Ne2 Ne6 19.b3 c5 20.g3 Qf6 21.Bg2 Kh8 22.a4 Rg8
23.Rd3 Rg7 24.Qd2 Bd7 25.Be3 Rag8 26.Qxa5 Nf4 27.Rdd1 Nxg2 28.Kxg2 Bh3+ 29.Kf2 Bg4
30.Ng1 Bxf3 31.Nxf3 g4 32.Ke2 Bc3 33.Qxc7 Qxf3+ 34.Kd3 Bxe1 35.Rxe1 Rg6 36.Kc2 Qxe4+
37.Kb2 Qe5+ 38.Kc2 Qf5+ 39.Kb2 Qe5+ 40.Kc2 Qf5+ 41.Kb2 Re6 42.Qa5 Rge8 43.Bd4+ Kh7
44.Rxe6 Rxe6 45.Ka3 Qc2 46.Qc3 Qf5 47.Qa5 Re2 48.Bb2 Qc2 49.Qc3 Qxc3 50.Bxc3 Rxh2
51.a5 Kg6 52.a6 Re2 53.Ba5 Re8 54.Ka4 h5 55.Bc7 h4 56.gxh4 g3 57.Bxd6 g2
58.Bxc5 f5 59.a7 Kh5 60.b4 Re1 61.Kb3  1-0

[Event "Krynica op"]
[Site "Krynica"]
[Date "1994.??.??"]
[Round "?"]
[White "Sabor, Krzysztof"]
[Black "Szymanski, Andrzej"]
[Result "1/2-1/2"]
[WhiteElo "2090"]
[BlackElo "2250"]

1.d4 Nf6 2.c4 g6 3.Nc3 Bg7 4.e4 d6 5.Be2 O-O 6.Nf3 e5 7.dxe5 dxe5 8.Qxd8 Rxd8
9.Bg5 c6 10.Nxe5 Re8 11.Bf4 Na6 12.O-O-O Nc5 13.f3 Nh5 14.Be3 Nxe4 15.Nxe4 Bxe5
16.Bd4 Bf5 17.Bxe5 Rxe5 18.Rhe1 Bxe4 19.fxe4 Rxe4 20.Bxh5 Rxc4+ 21.Kb1 gxh5
22.Re7 b5 23.Rf1 Rf8 24.Rxa7 Kg7 25.Rd7 Kg6 26.Rd6+ f6 27.b3 Rc5 28.Kb2 Kg5
29.Re1 h4 30.Ree6 f5 31.Rxc6 Rxc6 32.Rxc6 Kg4 33.Rc3 Rg8 34.a4 bxa4 35.bxa4 Kf4
36.Rc2 Ke4 37.a5 h3 38.gxh3 Ra8 39.Rc7 Rxa5 40.Rxh7 f4 41.Kc3 Rd5 42.Re7+ Kf3
43.Rf7 Ke3 44.Re7+ Kf2 45.h4 f3 46.h5  1/2-1/2

[Event "Krynica op"]
[Site "Krynica"]
[Date "1994.??.??"]
[Round "?"]
[White "Barwinski, Dionizy"]
[Black "Szymanski, Andrzej"]
[Result "1-0"]
[WhiteElo "2250"]
[BlackElo "2250"]

1.d4 Nf6 2.c4 g6 3.Nc3 Bg7 4.e4 d6 5.Be2 O-O 6.Nf3 e5 7.d5 a5 8.O-O Na6 9.Bg5 h6
10.Bh4 Qe8 11.Nd2 Nh7 12.f3 f5 13.Rb1 h5 14.exf5 gxf5 15.a3 Bd7 16.b3 e4
17.Rc1 e3 18.Ndb1 Bf6 19.Bxf6 Nxf6 20.Bd3 Qg6 21.Ne2 h4 22.Bc2 h3 23.g3 Rae8
24.Qd4 Qh6 25.Rce1 Re5 26.Nbc3 Rfe8 27.Nf4 b6 28.Re2 Nh5 29.Nxh5 Qxh5 30.Qf4 Kg7
31.Rfe1 Qh6 32.Qxh6+ Kxh6 33.f4 R5e7 34.Nd1 Kg7 35.Rxe3 Rxe3 36.Rxe3 Rxe3
37.Nxe3 Kf6 38.Kf2 Nc5 39.Ke1 Nb7 40.Kd2 Nd8 41.Bd3 Nf7 42.Bf1 Nh6 43.Bxh3 Ng4
44.Bxg4 fxg4 45.Kc3 Kg6 46.b4 axb4+ 47.axb4 Kf6 48.Kd4 Bc8 49.Nd1 Bf5 50.Nc3 Ke7
51.Nb5 Kd8 52.Ke3 Kd7 53.Kd2 Kd8 54.Nd4 Bb1 55.Nc2 Ke7 56.Ne3 Ba2 57.Kc3 Kf6
58.Kd4  1-0

[Event "Kurgan"]
[Site "Kurgan"]
[Date "1994.??.??"]
[Round "3"]
[White "Predein, V."]
[Black "Mochalov, Evgeny V"]
[Result "1/2-1/2"]
[WhiteElo "2360"]
[BlackElo "2450"]

1.d4 Nf6 2.Nf3 g6 3.c4 Bg7 4.Nc3 d6 5.e4 O-O 6.Be2 e5 7.O-O Na6 8.Rb1 Qe8
9.dxe5 dxe5 10.b4 b6 11.c5 bxc5 12.b5 Nb8 13.Be3 Nbd7 14.Nd2 Bb7 15.Qc2 Qe6
16.Na4 Rfd8 17.f3 a6 18.Nb3 axb5 19.Nbxc5 Nxc5 20.Nxc5 Qxa2 21.Rb2 Qa3 22.Rb3 Qa2
23.Rb2 Qa3 24.Rb3 Qa2  1/2-1/2

[Event "Las Palmas-D"]
[Site "Las Palmas"]
[Date "1994.??.??"]
[Round "?"]
[White "Gonzalez, G."]
[Black "Reyes, Juan"]
[Result "1/2-1/2"]
[WhiteElo "2285"]
[BlackElo "2430"]

1.Nf3 Nf6 2.c4 g6 3.Nc3 Bg7 4.d4 d6 5.e4 O-O 6.Be2 e5 7.O-O Nbd7 8.Be3 c6
9.Qc2 exd4 10.Nxd4 Re8 11.Rad1 Qe7 12.f3 a6 13.Nb3 b5 14.Na5 Ne5 15.Qd2 Qc7
16.b4 Bf8 17.cxb5 axb5 18.Rc1 Qd7 19.a3 Ba6 20.Rfd1 Re6 21.Qe1 Qe8 22.Qf1 d5
23.exd5 Nxd5 24.Bd2 Nxc3 25.Bxc3 c5 26.f4 Nc4 27.Nxc4 Rxe2 28.Re1 Rxe1 29.Rxe1 Qd8
30.Ne5 cxb4 31.axb4  1/2-1/2

[Event "Las Vegas op"]
[Site "Las Vegas"]
[Date "1994.??.??"]
[Round "?"]
[White "Gurevich, Dmitry"]
[Black "Brooks, Michael A"]
[Result "1/2-1/2"]
[WhiteElo "2545"]
[BlackElo "2440"]

1.d4 Nf6 2.c4 g6 3.Nc3 Bg7 4.e4 d6 5.Nf3 O-O 6.Be2 e5 7.O-O exd4 8.Nxd4 Re8
9.f3 Nbd7 10.Bg5 c6 11.Kh1 a5 12.Qd2 Qb6 13.Nc2 Nc5 14.Be3 Nfd7 15.Rab1 a4
16.Qxd6 a3 17.bxa3 Qa5 18.Nd1 Be5 19.Qd2 Qc7 20.g3 Na4 21.Nf2 Ndc5 22.Rfd1 Qe7
23.Bd4 Bxd4 24.Nxd4 Ne6 25.Nxe6 Bxe6 26.Kg2 Nc5 27.Qc3 Bc8 28.Rd2 f5 29.exf5 Bxf5
30.Rbd1 Qe3 31.Qf6 Rf8 32.Rd8 Ne6 33.Rxa8 Rxa8 34.Qb2 Nc5 35.g4 Be6 36.Qb6 Qxe2
37.Qxc5 Rf8 38.Rd3 Bxg4 39.fxg4 Rxf2+ 40.Qxf2 Qxd3 41.Qf4 Qc2+ 42.Kh3 Qc3+
43.Qg3 Qxc4 44.Qb8+ Kg7 45.Qxb7+ Kh6 46.Qb3 Qd4 47.Kg3 Qe5+ 48.Kf3 Qxh2 49.Qe3+ Kg7
50.Qd4+ Kf7 51.Qd7+ Kf8 52.a4 Qh1+ 53.Kf4 Qc1+ 54.Ke4 Qe1+ 55.Kf4 Qc1+  1/2-1/2

[Event "Le Touquet"]
[Site "Le Touquet"]
[Date "1994.??.??"]
[Round "?"]
[White "Solozhenkin, Evgeniy"]
[Black "Glek, Igor V"]
[Result "0-1"]
[WhiteElo "2505"]
[BlackElo "2615"]

1.d4 Nf6 2.c4 g6 3.Nc3 Bg7 4.e4 d6 5.Be2 O-O 6.Nf3 e5 7.Be3 exd4 8.Nxd4 Re8
9.f3 Nc6 10.O-O Nh5 11.f4 Nf6 12.Bf3 Bg4 13.Nxc6 Bxf3 14.Qxf3 bxc6 15.Bf2 Qc8
16.Rae1 Qg4 17.Qd3 Qxf4 18.Bxa7 Qh4 19.Bf2 Qh5 20.Qf3 Qxf3 21.gxf3 Nd7 22.Re3 Ne5
23.b3 Bh6 24.f4 Bxf4 25.Rh3 Ng4 26.Bd4 Be5 27.Bxe5 Nxe5 28.Re3 Re6 29.Kg2 Kg7
30.h3 Nd7 31.Rfe1 Rae8 32.Kf3 Re5 33.Ne2 d5 34.cxd5 cxd5 35.Nd4 c5 36.Nc6 d4  0-1

[Event "Leeuwarden op"]
[Site "Leeuwarden"]
[Date "1994.??.??"]
[Round "2"]
[White "Mikhalevski, Alexander"]
[Black "Bosboom, Manuel"]
[Result "1-0"]
[WhiteElo "2455"]
[BlackElo "2380"]

1.d4 Nf6 2.c4 g6 3.Nc3 Bg7 4.e4 d6 5.Nf3 O-O 6.Be2 Nbd7 7.O-O e5 8.Re1 b6
9.Bf1 exd4 10.Nxd4 Bb7 11.f3 c6 12.Bg5 a6 13.a4 Qc7 14.Qd2 Rfe8 15.Rad1 Rac8
16.Kh1 Qb8 17.Nde2 Bf8 18.Ng3 Re6 19.Qf2 Ba8 20.Rd2 Ne5 21.Red1 h6 22.Bf4 h5
23.b3 b5 24.cxb5 cxb5 25.Nd5 Bxd5 26.exd5 Ree8 27.axb5 axb5 28.Ne2 Qb7 29.Bg5 Nh7
30.Be3 Nf6 31.h3 Bg7 32.Bb6 Bh6 33.Ra2 Nxd5 34.Bd4 Nc6 35.Ba1 Ndb4 36.Rb2 Be3
37.Qh4 d5 38.Rbb1 Rcd8 39.Qf6 d4  1-0

[Event "Leeuwarden op"]
[Site "Leeuwarden"]
[Date "1994.??.??"]
[Round "4"]
[White "Zilberman, Yaacov"]
[Black "Van Wely, Loek"]
[Result "1-0"]
[WhiteElo "2460"]
[BlackElo "2560"]

1.d4 Nf6 2.Nf3 g6 3.c4 Bg7 4.Nc3 O-O 5.e4 d6 6.Be2 e5 7.d5 a5 8.Bg5 h6 9.Bh4 Na6
10.Nd2 Nc5 11.O-O Bd7 12.Re1 h5 13.Bg5 Kh7 14.b3 Bh6 15.Bxh6 Kxh6 16.a3 Bg4
17.h3 Bxe2 18.Qxe2 h4 19.Qe3+ Kg7 20.b4 Na6 21.Rab1 axb4 22.axb4 Qe7 23.f4 exf4
24.Qxf4 Nd7 25.Nf3 Qf6 26.Qd2 Ne5 27.Nxe5 Qxe5 28.Nb5 Rfc8 29.Nd4 c5 30.Nf3 Qf6
31.bxc5 Nxc5 32.e5 dxe5 33.Nxe5 Re8 34.Ng4 Qd6 35.Qh6+ Kg8 36.Rf1 Ne4 37.Qxh4 g5
38.Qh6 Qc5+ 39.Kh2 Ra6 40.Nf6+ Rxf6 41.Rxf6 Qxc4 42.Rg6+ fxg6 43.Rxb7  1-0